000 00370nam a2200145Ia 4500
008 231129s1987||||xx |||||||||||||| ||spa||
020 _a958-14-0172-5
040 _bspa
082 _aCo863 G643pa
100 _aGonzalez Tomas
245 0 _aPara antes del olvido
260 _c1987
264 _aPlaza y Janes
942 _2ddc
_cBKS
999 _c22381
_d22381